00297nam a2200109Ia 4500008004100000041001200041082001100053100001800064245009300082260000600175650000600181221030s9999 xx 000 0 und d aEnglish a105.23 aR. S. Gaonkar 0aMicroprcessor, Architecture, Programming, & Applications with the 8085cby R. S. Gaonkar c0 aB